00594nam a2200181 i 450000100100000000500170001000800410002702000150006804000250008308200150010810000320012324500450015526000340020030000210023459000270025595201130028299900170039500001826320200929165427.0760322s1975 fr 000 0 fre  a0777701677 aDO-SdBNPbspacBNPHU axxxxbK19a1 aKattan, Naim.d1928-93955610aAdieu, Babylone :broman /cNaim Kattan. aMontreal :bLa Presse,c1975. a238 p. ;c21 cm. aInventariado, 2019 /LP 001050718MOaGRbGRcCTd2010-04-22iLF1l0oxxxx K19ap18263-10r2020-06-25w2020-06-25y1ZNo se presta c17784d17784